DSGE models in macroeconomics: estimation, evaluation and new developments

Salvato in:
Dettagli Bibliografici
Altri autori: Balke, Nathan, Canova, Fabio, Milani, Fabio, Wynne, Mark A.
Natura: Libro
Lingua:inglese
Pubblicazione: Bingley Emerald 2012
Serie:Advances in econometrics Volume 28
Soggetti:
Tags: Aggiungi Tag
Nessun Tag, puoi essere il primo ad aggiungerne!!

MARC

LEADER 00000nam a2200000 4500
001 0178193
005 20240315121704.2
020 |a 978-1-78190-305-6 
022 |a 0731-9053 
041 0 |a eng 
044 |a GB 
245 1 0 |a DSGE models in macroeconomics: estimation, evaluation and new developments  |c edited by Nathan Balke ... [et al.] 
264 1 |a Bingley  |b Emerald  |c 2012 
300 |a xii, 467 s. 
490 1 |a Advances in econometrics  |v Volume 28 
830 0 |a Advances in econometrics  |v Volume 28 
610 2 0 |a modely 
610 2 0 |a modelovanie 
610 2 0 |a modely ekonomické 
610 2 0 |a makroekonomika 
610 2 0 |a politika menová 
610 2 0 |a modely cenové 
610 2 0 |a modely ekonometrické 
610 2 0 |a ekonometria 
610 2 0 |a modely rovnováhy 
700 1 |a Balke, Nathan 
700 1 |a Canova, Fabio 
700 1 |a Milani, Fabio 
700 1 |a Wynne, Mark A.